| 000 | 00355nam a22001457a 4500 | ||
|---|---|---|---|
| 008 | 210301b ||||| |||| 00| 0 eng d | ||
| 020 | _a9780134396941 | ||
| 041 | _aeng | ||
| 080 |
_25th _a37 |
||
| 082 | _a37 | ||
| 100 | _a46 | ||
| 101 | _aEDU | ||
| 245 |
_aTeaching Students with Special Needs in Inclusive Settings _cSmith, T. E. C |
||
| 942 |
_2udc _cBK |
||
| 999 |
_c55371 _d55371 |
||